00293 a2200121 4500001000700000020001800007040001100025100001700036240005400053245004900107300000600156362000900162186085 a0-345-27327-2 cMagnum aIngram, Anne10aWhy ducks sleep on one leg and other storieslING10aWhy ducks sleep on one leg and other stories a 0 a2000